书目信息 |
| 题名: |
环境生物技术
|
|
| 作者: | 伦内贝格 原著 ;苏斯比尔 , 杨毅 , 王健美 , 彭琬馨 插图 | |
| 分册: | ||
| 出版信息: | 北京 科学出版社 2009.03 |
|
| 页数: | xv, 85页 | |
| 开本: | 21cm | |
| 丛书名: | 生物技术入门系列 | |
| 单 册: | ||
| 中图分类: | X17-49 | |
| 科图分类: | ||
| 主题词: | 环境生物学--huan jing sheng wu xue--普及读物 | |
| 电子资源: | ||
| ISBN: | 978-7-03-024208-2 | |
| 000 | 01349nam0 2200313 450 | |
| 001 | 012009793197 | |
| 005 | 20091128153939.45 | |
| 010 | @a978-7-03-024208-2@dCNY35.00 | |
| 100 | @a20091128d2009 em y0chiy0120 ea | |
| 101 | 0 | @achi |
| 102 | @aCN@b110000 | |
| 105 | @aa z 000yy | |
| 106 | @ar | |
| 200 | 1 | @a环境生物技术@Ahuan jing sheng wu ji shu@e从“单行道”到自然循环@f(德) 莱因哈德·伦内贝格原著@F(de)lai yin ha de·lun nei bei ge yuan zhu@g(德) 达嘉·苏斯比尔插图@G(de)da jia·su si bi er cha tu@g杨毅, 王健美, 彭琬馨翻译@Gyang yi,wang jian mei,peng wan xin fan yi |
| 210 | @a北京@c科学出版社@d2009.03 | |
| 215 | @axv, 85页@c图@d21cm | |
| 225 | 2 | @a生物技术入门系列@Asheng wu ji shu ru men xi lie@v6 |
| 330 | @a本书以环境污染与微生物之间的互动为核心,结合一些热点问题,对生物技术在环境治理中的应用进行了探讨。 | |
| 410 | 0 | @12001 @a生物技术入门系列 |
| 517 | 1 | @a从“单行道”到自然循环@Acong“dan xing dao”dao zi ran xun huan |
| 606 | 0 | @a环境生物学@Ahuan jing sheng wu xue@j普及读物 |
| 690 | @aX17-49@v4 | |
| 701 | 1 | @a伦内贝格@Alun nei bei ge@g(Renneberg, Reinhard)@4原著 |
| 702 | 1 | @a苏斯比尔@Asu si bi er@g(Subbier, Darja)@4插图 |
| 702 | 0 | @a杨毅@Ayang yi@4翻译 |
| 702 | 0 | @a王健美@Awang jian mei@4翻译 |
| 702 | 0 | @a彭琬馨@Apeng wan xin@4翻译 |
| 801 | 0 | @aCN@bQSSK@c20091128 |
| 905 | @b767053-55@dX17-49@eL926@f3 | |
| 环境生物技术:从“单行道”到自然循环/(德) 莱因哈德·伦内贝格原著/(德) 达嘉·苏斯比尔插图/杨毅, 王健美, 彭琬馨翻译.-北京:科学出版社,2009.03 |
| xv, 85页:图;21cm.-(生物技术入门系列;6) |
| ISBN 978-7-03-024208-2:CNY35.00 |
| 本书以环境污染与微生物之间的互动为核心,结合一些热点问题,对生物技术在环境治理中的应用进行了探讨。 |
| ● |
| 相关链接 |
|
|
|
正题名:环境生物技术
索取号:X17-49/L926
 
预约/预借
| 序号 | 登录号 | 条形码 | 馆藏地/架位号 | 状态 | 备注 |
| 1 | 767053 | 207670536 | 自科库501/501自科库 63排1列4层/ [索取号:X17-49/L926] | 在馆 | |
| 2 | 767054 | 207670545 | 自科库501/501自科库 63排1列4层/ [索取号:X17-49/L926] | 在馆 | |
| 3 | 767055 | 207670554 | 自科库501/501自科库 63排1列4层/ [索取号:X17-49/L926] | 在馆 |